|
|
|
|
| LEADER |
01176nam a2200277 a 4500 |
| 001 |
2011746 |
| 008 |
091029s1997 pk bl 001 0 eng d |
| 010 |
|
|
|a 90931549
|
| 020 |
|
|
|c Rs190.00
|
| 040 |
|
|
|a DLC
|c DLC
|d DLC
|
| 082 |
0 |
0 |
|a 343.549105/6
|2 21
|
| 110 |
1 |
|
|a Pakistan.
|
| 240 |
1 |
0 |
|a Customs Act, 1969
|
| 245 |
1 |
4 |
|a The customs act (Act IV of 1969) with prevention of smuggling ordinance, export processing zone authority ordinance & relevant rules /
|c by Sh. Shaukat Mahmood, Sh. Nadeem Shaukat.
|
| 250 |
|
|
|a 6th rev. & enl. ed.
|
| 260 |
|
|
|a Lahore, Pakistan :
|b Legal Research Centre,
|c 1997.
|
| 300 |
|
|
|a xiii, 609 p. ;
|c 24 cm.
|
| 504 |
|
|
|a Includes bibliographical references and index.
|
| 541 |
1 |
|
|e 00010438
|
| 650 |
|
0 |
|a Customs administration
|x Law and legislation
|z Pakistan.
|9 59113
|
| 700 |
1 |
|
|a Mahmood, Shaukat.
|9 48445
|
| 700 |
1 |
|
|a Shaukat, Nadeem.
|9 48449
|
| 852 |
4 |
|
|a Ayesha Abed Library
|j General Shelf
|
| 942 |
|
|
|2 ddc
|c BK
|
| 999 |
|
|
|c 5429
|d 5429
|
| 952 |
|
|
|0 0
|1 0
|2 ddc
|4 0
|6 343_549105600000000_CUS_1997
|7 0
|9 5295
|a BRACUL
|b BRACUL
|c GEN
|d 2009-11-11
|g 0.00
|l 0
|o 343.5491056 CUS
|p 3010010438
|r 2009-11-11
|t 1
|w 2009-11-11
|y BK
|x No price found in the accession register.
|